Bharatbarshar parichay (VAC)/ (Record no. 11632)

MARC details
000 -LEADER
fixed length control field 00577nam a22002057a 4500
005 - DATE AND TIME OF LATEST TRANSACTION
control field 20230909125502.0
008 - FIXED-LENGTH DATA ELEMENTS--GENERAL INFORMATION
fixed length control field 230909b ||||| |||| 00| 0 eng d
020 ## - INTERNATIONAL STANDARD BOOK NUMBER
International Standard Book Number 9789391527518
040 ## - CATALOGING SOURCE
Original cataloging agency IN-DiNC
Transcribing agency IN-DiNC
041 ## - LANGUAGE CODE
Language code of sung or spoken text Assamese
082 ## - DEWEY DECIMAL CLASSIFICATION NUMBER
Classification number 954
Item number NAT
100 ## - MAIN ENTRY--PERSONAL NAME
Personal name Nath, Bhrigumoni
Relator term Author
245 ## - TITLE STATEMENT
Title Bharatbarshar parichay (VAC)/
Statement of responsibility, etc. by Bhrigumoni Nath and Dipamjyoti Buragohain
250 ## - EDITION STATEMENT
Edition statement 1st ed.
260 ## - PUBLICATION, DISTRIBUTION, ETC.
Place of publication, distribution, etc. Jorhat:
Name of publisher, distributor, etc. Bidya bhawan,
Date of publication, distribution, etc. 2023.
300 ## - PHYSICAL DESCRIPTION
Extent 144p.
650 ## - SUBJECT ADDED ENTRY--TOPICAL TERM
Topical term or geographic name entry element Understanding India
700 ## - ADDED ENTRY--PERSONAL NAME
Personal name Buragohain, Dipamjyoti
Relator term Author
942 ## - ADDED ENTRY ELEMENTS (KOHA)
Source of classification or shelving scheme Dewey Decimal Classification
Koha item type Books
Holdings
Withdrawn status Lost status Source of classification or shelving scheme Damaged status Not for loan Collection code Home library Current library Shelving location Date acquired Cost, normal purchase price Total Checkouts Full call number Barcode Date last seen Date last checked out Copy number Price effective from Koha item type
    Dewey Decimal Classification     History Central Library, Naharkatiya College Central Library, Naharkatiya College General Stacks 09/09/2023 160.00 12 954 NAT 29469 19/11/2025 11/11/2025 1 09/09/2023 Books
    Dewey Decimal Classification     History Central Library, Naharkatiya College Central Library, Naharkatiya College General Stacks 09/09/2023 160.00 10 954 NAT 29470 29/11/2025 11/10/2025 2 09/09/2023 Books
    Dewey Decimal Classification     History Central Library, Naharkatiya College Central Library, Naharkatiya College General Stacks 09/09/2023 160.00 9 954 NAT 29471 24/12/2025 13/10/2025 3 09/09/2023 Books

Naharkatiya College © 2020. All rights reserved.

Powered By